<?xml version="1.0" encoding="UTF-8"?><?xml-stylesheet type="text/xsl" href="static/style.xsl"?><OAI-PMH xmlns="http://www.openarchives.org/OAI/2.0/" xmlns:xsi="http://www.w3.org/2001/XMLSchema-instance" xsi:schemaLocation="http://www.openarchives.org/OAI/2.0/ http://www.openarchives.org/OAI/2.0/OAI-PMH.xsd"><responseDate>2026-04-27T18:12:40Z</responseDate><request verb="GetRecord" identifier="oai:riubu.ubu.es:10259/8545" metadataPrefix="marc">https://riubu.ubu.es/oai/request</request><GetRecord><record><header><identifier>oai:riubu.ubu.es:10259/8545</identifier><datestamp>2024-02-01T01:05:28Z</datestamp><setSpec>com_10259_6158</setSpec><setSpec>com_10259_5086</setSpec><setSpec>com_10259_2604</setSpec><setSpec>col_10259_6159</setSpec></header><metadata><record xmlns="http://www.loc.gov/MARC21/slim" xmlns:doc="http://www.lyncode.com/xoai" xmlns:xsi="http://www.w3.org/2001/XMLSchema-instance" xmlns:dcterms="http://purl.org/dc/terms/" xsi:schemaLocation="http://www.loc.gov/MARC21/slim http://www.loc.gov/standards/marcxml/schema/MARC21slim.xsd">
<leader>00925njm 22002777a 4500</leader>
<datafield tag="042" ind1=" " ind2=" ">
<subfield code="a">dc</subfield>
</datafield>
<datafield tag="720" ind1=" " ind2=" ">
<subfield code="a">Barros del Río, María Amor</subfield>
<subfield code="e">author</subfield>
</datafield>
<datafield tag="260" ind1=" " ind2=" ">
<subfield code="c">2018</subfield>
</datafield>
<datafield tag="520" ind1=" " ind2=" ">
<subfield code="a">The paradigmatic literary work of Edna O’Brien, The Country Girls Trilogy and Epilogue (1986) narrates the coming of age of two young women from rural backgrounds in the Ireland of the mid-twentieth century and their progressive entry into an adult world, passing through the capital, Dublin, to finally leave their country and arrive in London. Censured in its day, the trilogy is now acknowledged as a feminine Bildungsroman, above all, because of its open allusions to the awakening of female sexuality. However, most criticism has overlooked the political implications of its central theme, as well as the structural and formal innovations that the author employs to represent the impossibility of a feminine Bildung form. Polyphony, fragmentation, and ultimate disintegration are some of the elements that evidence the need to reconsider the place of the trilogy within the panorama of Irish literature.</subfield>
</datafield>
<datafield tag="024" ind2=" " ind1="8">
<subfield code="a">1699-311X</subfield>
</datafield>
<datafield tag="024" ind2=" " ind1="8">
<subfield code="a">http://hdl.handle.net/10259/8545</subfield>
</datafield>
<datafield tag="024" ind2=" " ind1="8">
<subfield code="a">10.24162/EI2018-8623</subfield>
</datafield>
<datafield tag="024" ind2=" " ind1="8">
<subfield code="a">1699-311X</subfield>
</datafield>
<datafield ind1=" " ind2=" " tag="653">
<subfield code="a">Edna O'Brien</subfield>
</datafield>
<datafield ind1=" " ind2=" " tag="653">
<subfield code="a">Transgression</subfield>
</datafield>
<datafield ind1=" " ind2=" " tag="653">
<subfield code="a">Narrative Voice</subfield>
</datafield>
<datafield ind1=" " ind2=" " tag="653">
<subfield code="a">Anti-bildungsroman</subfield>
</datafield>
<datafield tag="245" ind1="0" ind2="0">
<subfield code="a">Thematic Transgressions and Formal Innovations in Edna O’Brien’s The Country Girls Trilogy and Epilogue</subfield>
</datafield>
</record></metadata></record></GetRecord></OAI-PMH>